Les sources de l'histoire du montanisme.
| Main Author: | |
|---|---|
| Format: | Book |
| Language: | English Greek, Modern (1453-) Latin Syriac, Modern French |
| Published: |
Rk :
AMS Press,
[1980?]
|
| Series: | Collectanea Friburgensia ;
n.F., fasc. 15 (24 der ganzen Reihe) |
| Subjects: |
MARC
| Tag | First Indicator | Second Indicator | Subfields |
|---|---|---|---|
| LEADER | 00000pam a2200000 a 4500 | ||
| 001 | in00000474513 | ||
| 005 | 20151012172239.0 | ||
| 008 | 800317r1980 nyu b 00100 engm | ||
| 010 | |a 80013175 | ||
| 020 | |a 0404161847 | ||
| 035 | |a (OCoLC)06194954 | ||
| 035 | |9 ACA1448AM | ||
| 040 | |a DLC |c DLC |d m.c. |d TXA |d UtOrBLW | ||
| 041 | 1 | |a gre |a lat |a syr |a fre | |
| 049 | |a TXAM |c [1674651] | ||
| 050 | 0 | 0 | |a BT1435 |b L33 1980 |
| 082 | 0 | |a 270.1 | |
| 100 | 1 | |a Labriolle, Pierre de, |d 1874-1940. | |
| 245 | 1 | 4 | |a Les sources de l'histoire du montanisme. |
| 264 | 1 | |a Rk : |b AMS Press, |c [1980?] | |
| 300 | |a cxxxviii, 282 pages ; |c 23 cm. | ||
| 336 | |a text |b txt |2 rdacontent | ||
| 337 | |a unmediated |b n |2 rdamedia | ||
| 338 | |a volume |b nc |2 rdacarrier | ||
| 500 | |a Text in Greek, Latin, or Syriac with translations into French. | ||
| 500 | |a Reprint. Originally published: Fribourg (Suisse) : Librairie de l'universite, 1913. (fasc. 15 (24 de la collection) of Collectanea Friburgensia) | ||
| 500 | |a Includes indexes. | ||
| 504 | |a Bibliography: pages [v]-vii. | ||
| 650 | 0 | |a Montanism |x History |x Sources. | |
| 830 | 0 | |a Collectanea Friburgensia ; |v n.F., fasc. 15 (24 der ganzen Reihe) | |
| 999 | |a MARS | ||
| 999 | f | f | |s 59408ffa-896a-35c2-9fed-8f581e406417 |i ccf069e7-6004-3ba0-a569-9af8a2e73cee |t 0 |
| 952 | f | f | |p ric |a Texas A&M University |b Rellis Campus |c Joint Library Facility |d Remote Storage |t 0 |e BT1435 L33 1980 |h Library of Congress classification |i unmediated -- volume |m A14807231748 |
| 998 | f | f | |a BT1435 L33 1980 |t 0 |l Remote Storage |